<?xml version="1.0" encoding="UTF-8"?>
<record
    xmlns:xsi="http://www.w3.org/2001/XMLSchema-instance"
    xsi:schemaLocation="http://www.loc.gov/MARC21/slim http://www.loc.gov/standards/marcxml/schema/MARC21slim.xsd"
    xmlns="http://www.loc.gov/MARC21/slim">

  <leader>01361nam a22001697a 4500</leader>
  <controlfield tag="005">20250514153459.0</controlfield>
  <controlfield tag="008">250514b        |||||||| |||| 00| 0 eng d </controlfield>
  <datafield tag="082" ind1=" " ind2=" ">
    <subfield code="a">616.01/SHA</subfield>
  </datafield>
  <datafield tag="100" ind1=" " ind2=" ">
    <subfield code="a">Sharma Jogendra </subfield>
    <subfield code="9">212114</subfield>
  </datafield>
  <datafield tag="245" ind1=" " ind2=" ">
    <subfield code="a">Adult Health Nursing - I with Integrated Pathophysiology including BCLS Module for B.Sc. Nursing III Semester</subfield>
  </datafield>
  <datafield tag="260" ind1=" " ind2=" ">
    <subfield code="a">Jaipur</subfield>
    <subfield code="b"> Neelkanth Publishers</subfield>
    <subfield code="c">2024</subfield>
  </datafield>
  <datafield tag="300" ind1=" " ind2=" ">
    <subfield code="a">512 P</subfield>
  </datafield>
  <datafield tag="365" ind1=" " ind2=" ">
    <subfield code="a">Rs</subfield>
    <subfield code="b">820</subfield>
    <subfield code="c">Rs</subfield>
  </datafield>
  <datafield tag="500" ind1=" " ind2=" ">
    <subfield code="a">Introduction to Medical Surgical Nursing Intraoperative Care Nursing Care of Patients with Common Signs and Symptoms and Management Nursing Management of Patients with Respiratory Problems Nursing Management of Patients with Disorders of Digestive System Nursing Management of Patients with Cardiovascular Problems Nursing Management of Patients with Disorders of Blood Nursing Management of Patients with Disorders of Endocrine System Nursing Management of Patients with Disorders of Integumentary System Nursing Management of Patients with Musculoskeletal Problems Nursing Management of Patients with Communicable Diseases BLS/BCLS Module
School Books Details
Board
Indian Nursing Council
University Books Details
Stream
B.Sc. Nursing
Degree/Diploma
Degree
Specialization
B.Sc. Nursing
Subject
Adult Health Nursing
Term
3rd Semester</subfield>
  </datafield>
  <datafield tag="650" ind1=" " ind2=" ">
    <subfield code="a">Medical Surgical Nursing</subfield>
  </datafield>
  <datafield tag="942" ind1=" " ind2=" ">
    <subfield code="c">DB</subfield>
  </datafield>
  <datafield tag="999" ind1=" " ind2=" ">
    <subfield code="c">366362</subfield>
    <subfield code="d">366362</subfield>
  </datafield>
  <datafield tag="952" ind1=" " ind2=" ">
    <subfield code="0">0</subfield>
    <subfield code="1">0</subfield>
    <subfield code="2">ddc</subfield>
    <subfield code="4">0</subfield>
    <subfield code="7">0</subfield>
    <subfield code="a">SNCN</subfield>
    <subfield code="b">SNCN</subfield>
    <subfield code="d">2025-06-27</subfield>
    <subfield code="e">Donated by Takshasheela Giridhar MEshram</subfield>
    <subfield code="g">820.00</subfield>
    <subfield code="l">6</subfield>
    <subfield code="m">1</subfield>
    <subfield code="o">616.01/SHA</subfield>
    <subfield code="p">SNCN-DB-321</subfield>
    <subfield code="r">2026-01-12 10:31:12</subfield>
    <subfield code="s">2025-12-18</subfield>
    <subfield code="v">820.00</subfield>
    <subfield code="w">2025-06-26</subfield>
    <subfield code="y">DB</subfield>
  </datafield>
</record>
